Every Eric Clapton song that hit the Billboard hot 100 - Statistics

General Stats
  • This quiz has been taken 144 times
  • The average score is 7 of 23
Answer Stats
Peak Chart Position Year Song % Correct
12 1992 Layla
95%
2 1992 Tears In Heaven
87%
30 1980 Tulsa Time/Cocaine
76%
16 1978 Wonderful Tonight
73%
1 1974 I Shot The Sheriff
61%
3 1978 Lay Down Sally
41%
5 1996 Change The World
32%
78 1973 Bell Bottom Blues
26%
26 1985 Forever Man
24%
55 1989 Pretending
23%
88 1990 Bad Love
22%
48 1972 Let It Rain
21%
18 1970 After Midnight
18%
9 1979 Promises
16%
18 1983 I've Got A Rock N' Roll Heart
13%
10 1981 I Can't Stand It
8%
24 1976 Hello Old Friend
6%
26 1974 Willie And The Hand Jive
6%
76 1980 Blues Power
5%
40 1979 Watch Out For Lucy
4%
78 1981 Another Ticket
3%
84 1970 Comin' Home
2%
89 1985 See What Love Can Do
2%
No matching quizzes found
Score Distribution
Percent of People with Each Score
Percentile by Number Answered
Your Score History
You have not taken this quiz